Le dinamiche del cuore (Record n. 211114)

Dettagli MARC
000 -LEADER
fixed length control field 01250nam a2200205Ia 4500
001 - CONTROL NUMBER
control field b5974-41309
003 - CONTROL NUMBER IDENTIFIER
control field IT-MiCISF
008 - FIXED-LENGTH DATA ELEMENTS--GENERAL INFORMATION
fixed length control field 161014s9999||||xx |||||||||||||| ||und||
040 ## - CATALOGING SOURCE
Original cataloging agency IT-MiCISF
Transcribing agency IT-MiCISF
041 ## - LANGUAGE CODE
Language code of text/sound track or separate title it
999 ## - SYSTEM CONTROL NUMBERS (KOHA)
Koha Dewey Subclass [OBSOLETE] si
100 ## - MAIN ENTRY--PERSONAL NAME
Personal name Verdone Luciano
245 #0 - TITLE STATEMENT
Title Le dinamiche del cuore
Remainder of title Educazione emotiva, valoriale, relazionale
250 ## - EDITION STATEMENT
Edition statement 1a ed.
260 ## - PUBLICATION, DISTRIBUTION, ETC. (IMPRINT)
Place of publication, distribution, etc. Cantalupa (TO)
Name of publisher, distributor, etc. Effatà Editrice
Date of publication, distribution, etc. 2005
300 ## - PHYSICAL DESCRIPTION
Extent pp. 126
500 ## - GENERAL NOTE
General note / educazione, educazione-morale, valori, affettività, relazione-di-coppia, adolescenza / Il presente lavoro nasce dalla sperimentazione didattica. E' rivolto a tutti, ma in particolare alle classi scolastiche e alle coppie. Le pagine di questo volume si offrono come opportunità di riflessione ai tanti che pensano di non riuscire a controllare il lato oscuro della sfera emozionale, che temono di essere incapaci di gestire la relazione in modo lineare. Offre quindi una presentazione semplice ed efficace delle dinamiche della relazione e dell'emotività, che governano la maggior parte della vita quotidiana, rese comprensibili anche attraverso test e proposte di training.
650 ## - SUBJECT ADDED ENTRY--TOPICAL TERM
Topical term or geographic name as entry element Genitorialità e problemi educativi / educazione
Relator term 004
942 ## - ADDED ENTRY ELEMENTS (KOHA)
Koha item type LIBRO
957 ## -
-- 1
999 ## - SYSTEM CONTROL NUMBERS (KOHA)
-- 1
Dati di copia
Withdrawn status Lost status Damaged status Not for loan Home library Current library Date acquired Total Checkouts Full call number Date last seen Price effective from Koha item type Public note
    Buone Condizioni Not For Loan CISF - Milano CISF - Milano 14/10/2016   b5974-41309 14/10/2016 14/10/2016 LIBRO Data import 15.10.2016 / by Epidotti, Vaglietti
CREDITS: SOCIETA' SAN PAOLO Via A.Severo, 58 - ROMA (RM) & PERIODICI SAN PAOLO SRL Via Giotto, 36 MILANO & CISF Via Giotto, 36 MILANO & EDIZIONI SAN PAOLO SRL,  Piazza Soncino, 5 CINISELLO BALSAMO (MI) -- ITALY